Návrh spôsobu pokrývania problémových oblastí signálom DVB-T

Guardado en:
Detalles Bibliográficos
Autor principal: Kašuba, Michal (Autor)
Otros Autores: Polec, Jaroslav (Orientador)
Formato: Manuscrito Libro
Lenguaje:eslovaco
Publicado: 2015
Materias:
Acceso en línea:http://is.stuba.sk/zp/portal_zp.pl?podrobnosti=111830
Etiquetas: Agregar Etiqueta
Sin Etiquetas, Sea el primero en etiquetar este registro!

MARC

LEADER 00000ntm a22000003a 4500
001 stuzp46743
003 SK-STU
005 20160719153138.1
007 ta
008 150427s2015----xo-----f-mn---000-0-slo-d
040 |a STU  |b slo 
041 0 |a slo 
100 1 |a Kašuba, Michal  |u 037000  |4 aut  |U FEI Fakulta elektrotechniky a informatiky  |T FEI Ústav telekomunikácií  |X 56361  |U E070  |Y 818  |7 A000056361 
242 0 1 |a Development of method for covering problematic areas with DVB-T signal.  |y eng 
245 1 0 |a Návrh spôsobu pokrývania problémových oblastí signálom DVB-T 
260 |c 2015 
300 |a 50 s. 
650 4 |a DVB-T  |2 slo 
650 4 |a Digitálne  |2 slo 
650 4 |a televízne vysielanie  |2 slo 
650 4 |a digital  |2 eng 
650 4 |a television  |2 eng 
650 4 |a DVB-T  |2 eng 
700 1 |a Polec, Jaroslav  |4 ths  |X 2004  |7 A000002004 
856 4 |u http://is.stuba.sk/zp/portal_zp.pl?podrobnosti=111830 
996 |b 284EP11287  |c E*DIPL- 11287  |l EE37  |s P  |a 0  |w stuzp46743_0001 
SQL |a stuzp46743  |b DDP  |c SLO  |d Návrh spôsobu pokrývania problémových oblastí signálom DVB-T  |e 56361  |f Kašuba, Michal  |g 037000  |h 2004  |i Polec, Jaroslav  |j 20150616  |k 86  |l 03  |m http://is.stuba.sk/zp/portal_zp.pl?podrobnosti=111830  |n I-TLK  |o 5.2.15. telekomunikácie